00546nam a2200157Ia 4500008004100000020001800041100001800059245002600077260001700103500002400120650002800144942000700172952008400179952010800263999001700371230524s9999 xx 000 0 und d a9788122300604 aHarry Larayne 0aSecrets of Mind Power bPustak Mahal aQuantity Number: 2 aPersonality Development cBK 00104070aTATCLbTATCLcGENd2023-05-24l0p44969r2023-05-24w2023-05-24yBK 00104070aTATCLbTATCLcGENd2023-05-24l1p44970q2014-09-20r2024-01-25s2024-01-25w2023-05-24yBK c50665d50665